| 000 | 00486nam a2200181 a 4500 | ||
|---|---|---|---|
| 001 | 000024841 | ||
| 005 | 20200930023412.0 | ||
| 008 | 110204s1970 ve r 000 0 spa d | ||
| 040 |
_aDO-SdBNP _bspa _cBNPHU |
||
| 082 |
_axxxxx _bM425i |
||
| 100 | 1 |
_aMata, Humberto _950986 |
|
| 245 | 1 | 0 |
_aImágenes y conductos : _brelatos / _cHumberto Mata. |
| 260 |
_aCaracas : _bMonte Avila, _c1970. |
||
| 300 |
_a54 p. ; _c18.5 cm. |
||
| 490 | 1 | _aDonaire | |
| 830 | 0 |
_aDonaire _98050 |
|
| 049 | _aBNGR | ||
| 999 |
_c24334 _d24334 |
||